| 000 | 00864nam a2200265Ia 4500 | ||
|---|---|---|---|
| 005 | 20231024151243.0 | ||
| 008 | 220701s9999 xx 000 0 und d | ||
| 020 |
_a9781426315022 _qpbk |
||
| 040 |
_arda-- _c3228 |
||
| 041 | _2E | ||
| 082 | _a796.083 HONO | ||
| 100 |
_aHonovich, Nancy _9183379 |
||
| 245 | 0 |
_aGet outside guide : all things adventure, explorarion, and fun _cBy Nancy Honovich and Julie Beer ; foreworrd by Richard Louv |
|
| 260 |
_aWashington D.C _bNational Geographic _c2014 |
||
| 300 |
_a159 pages. ; _bcoloured pictures ; _c22 cm |
||
| 490 | _aNational Geographic | ||
| 504 | _aIncludes glossary and index | ||
| 521 | _atargeted for all readers | ||
| 700 | 1 |
_aBeer, Julie _9183380 |
|
| 700 | 1 |
_aLouv, Richard _9183382 |
|
| 942 |
_w561 _xJohn Tresidder _y156 _zLettie Matukane |
||
| 942 | _2ddc | ||
| 942 | _2ddc | ||
| 942 |
_cBK _2ddc |
||
| 999 |
_c705229 _d705228 |
||